[Event "OP-2010-0-01290"]
[Site "LSS email"]
[Date "2010.10.18"]
[Round "?"]
[White "Henke, Simon"]
[Black "Sijses, Willem"]
[Result "1-0"]
[WhiteElo "1476"]
[BlackElo "954"]
[PlyCount "29"]
[EventDate "2010.10.13"]
[EventType "tourn (corr)"]
[EventRounds "4"]
[EventCountry "GER"]
[SourceTitle "Corr 2013"]
[Source "ChessBase"]
[SourceDate "2012.11.12"]
[SourceVersion "1"]
[SourceVersionDate "2012.11.12"]
[SourceQuality "1"]

1. d4 d5 2. Nf3 Nf6 3. Bf4 c5 4. e3 Nc6 5. c3 Qb6 6. Qb3 e6 7. Nbd2 Bd7 8. Qxb6 axb6 9. Bc7 c4 10. Bxb6 Bd6 11. a4 Na5 12. Ne5 0-0 13. Be2 Ne4 14. Nxe4 Bxe5 15. Nc5 1-0